[Event "PCA-Wch Candidates m4"]
[Site "New York"]
[Date "1994.??.??"]
[Round "4"]
[White "Kramnik, Vladimir"]
[Black "Kamsky, Gata"]
[Result "1/2-1/2"]
[WhiteElo "2710"]
[BlackElo "2695"]
[Annotator "Ftacnik,L"]
[PlyCount "71"]
[EventDate "1994.06.??"]
[EventType "match"]
[EventRounds "6"]
[EventCountry "USA"]
[SourceTitle "CBM 042"]
[Source "ChessBase"]
[SourceDate "1994.10.01"]
[SourceVersion "1"]
[SourceVersionDate "1994.10.01"]
[SourceQuality "1"]

1. Nf3 c5 2. c4 Nc6 3. Nc3 e5 4. e3 Nf6 5. a3 d6 (5... Be7 6. d4 (6. Qc2 O-O 7.
Nd5 d6 8. Bd3 g6 9. Nxf6+ Bxf6 10. Be4 Bg7 11. d3 Ne7 12. Nd2 Rb8 13. Rb1 b5
14. b3 Be6 15. Bf3 a6 16. Bb2 Qd7 17. O-O Rbc8 18. Rbc1 f5 19. Be2 d5 20. cxd5
Bxd5 21. e4 Bb7 22. b4 cxb4 23. Qb3+ Kh8 24. axb4 Nc6 25. exf5 {Ogaard,
L-Fossan,E/NOR-ch (1)/1993/0.5 (49)}) 6... cxd4 7. exd4 exd4 8. Nxd4 d5 (8...
O-O 9. Nc2 b6 10. Bf4 Ba6 11. b4 Bb7 12. Be2 d6 13. O-O Ne5 14. Ne3 Rc8 15. Rc1
Re8 16. Qd2 Bf8 17. Rfd1 h6 18. Bg3 Re6 19. Qd4 Nc6 {Benjamin,Joe-Kramnik,V/
Groningen PCA (02)/1993/0.5 (19)}) 9. cxd5 Nxd5 10. Nxc6 bxc6 11. Nxd5 cxd5 12.
Bb5+ Bd7 13. Qxd5 Rb8 14. Bxd7+ Qxd7 15. Qxd7+ Kxd7 16. Bf4 Rbc8 17. Rd1+ Ke6
18. O-O Bf6 19. g4 Be5 20. Bxe5 Kxe5 21. Rfe1+ Kf6 22. Rd6+ Kg5 23. Re5+ Kh4
24. Rd7 Rc4 25. Rxf7 {Blees,A-Lau,R/Wijk Sonnevanck (06)/1992/0.5 (36)}) 6. Be2
(6. d4 exd4 7. exd4 Bg4 $10) 6... g6 7. d4 exd4 8. exd4 Bg7 9. Bf4 (9. dxc5
dxc5 10. Qxd8+ Nxd8 11. Nb5 Ne6 (11... O-O 12. Nc7 Rb8 13. Bf4 $36) 12. Nd6+
Ke7 13. Nxc8+ Raxc8 $10) 9... O-O 10. O-O (10. dxc5 dxc5 11. Bd6 Re8 12. Bxc5
Qxd1+ 13. Rxd1 Nd7 (13... Ng4 14. Nb5 $1) 14. Be3 Bxc3+ 15. bxc3 Nde5 $132)
10... Bf5 11. d5 (11. dxc5 dxc5 12. Bd6 Bc2 13. Qxc2 Qxd6 $10) 11... Ne7 12.
Nd2 (12. Qd2 Ne4 13. Nxe4 Bxe4 $10) 12... h6 13. h4 (13. g4 Bc8 14. h4 (14. f3
g5 15. Bg3 Ng6 $132) 14... a6 15. f3 b5 $1) 13... Bc8 14. g3 (14. Nb5 Ne8 15.
Ne4 Nf5) 14... Nf5 {xd4} 15. Nb3 a6 16. a4 Re8 17. Bf3 (17. Bd3 Nh7 18. Qc2 Bd7
$13) 17... Nd7 18. Qd2 Ne5 (18... Qb6 $1 $15) 19. Bxe5 (19. Be2 Nd4 20. Nxd4
cxd4 21. Bxe5 (21. Nd1 d3 $19) 21... dxe5 22. Nd1 e4 $17) 19... Bxe5 20. Bg2
Bd7 (20... Qb6 $5 21. Ra3 Bd7 22. a5 Qb4 23. Qd3 b5 24. axb6 Qxb6 $15) 21. Rae1
Qb6 (21... Bxc3 22. Qxc3 Bxa4 $17) 22. Nc1 Bg7 (22... Qb4 23. Nd3 Bxc3 24. bxc3
Qxc4 $17) 23. b3 Nd4 (23... Qb4 24. Ne4 Qxd2 25. Nxd2 b5 26. axb5 axb5 $17) 24.
Re3 Bf5 $6 (24... Nxb3 25. Nxb3 (25. Qb2 Qb4 $17 (25... Rxe3 26. fxe3 Bxc3 27.
Qxc3 Nxc1 28. Qxc1 Bxa4 $17)) 25... Qxb3 26. Ne4 Qxa4 27. Nxd6 $132) (24...
Rxe3 25. fxe3 Nxb3 $17) 25. Ne4 Bxe4 26. a5 $1 (26. Bxe4 $2 Rxe4 $1 27. Rxe4
Nf3+ $19) 26... Qc7 (26... Qb4 27. Qxb4 cxb4 28. Rxe4 $15 (28. Bxe4 Re7 $2 29.
Bxg6 $1 Rxe3 30. Bxf7+ $1 Kxf7 31. fxe3+ $16)) 27. Rxe4 Rxe4 28. Bxe4 Re8 29.
Bg2 b6 $1 30. axb6 Qxb6 31. Re1 $1 Rxe1+ 32. Qxe1 Nxb3 33. Qe8+ Bf8 34. Qc6 $1
Qb4 (34... Qxc6 $2 35. dxc6 Nxc1 36. c7 $18) 35. Nxb3 Qxb3 36. Qxa6 1/2-1/2

[Event "PCA-Wch Candidates m4"]
[Site "New York"]
[Date "1994.??.??"]
[Round "5"]
[White "Kamsky, Gata"]
[Black "Kramnik, Vladimir"]
[Result "1/2-1/2"]
[WhiteElo "2695"]
[BlackElo "2710"]
[Annotator "Ftacnik,L"]
[PlyCount "100"]
[EventDate "1994.06.??"]
[EventType "match"]
[EventRounds "6"]
[EventCountry "USA"]
[SourceTitle "CBM 042"]
[Source "ChessBase"]
[SourceDate "1994.10.01"]
[SourceVersion "1"]
[SourceVersionDate "1994.10.01"]
[SourceQuality "1"]

1. d4 d5 2. c4 c6 3. Nc3 e6 4. e4 dxe4 5. Nxe4 Bb4+ 6. Bd2 Qxd4 7. Bxb4 Qxe4+
8. Be2 c5 (8... Nd7 9. Nf3 c5 10. Bc3 Ne7 11. O-O O-O 12. Bd3 Qc6 13. Re1 Ng6
14. Ng5 e5 15. Qc2 Re8 16. f4 Nxf4 17. Bxh7+ Kf8 18. g3 Ne6 19. Be4 Qb6 20.
Nxe6+ Qxe6 21. Bd5 Qh6 22. Qf2 f6 23. Rad1 Rb8 24. b4 b6 25. Bc6 {Belozerov,
A-Ivanov,Se/St.Petersburg op (5)/1994/0-1 (53)}) (8... Na6 9. Bc3 Ne7 10. Nf3
O-O 11. O-O f6 12. b4 Qf4 13. a3 Ng6 14. Bd3 e5 15. Bd2 Qg4 16. Re1 Qd7 17. Qc2
Rd8 18. Bxg6 hxg6 19. Qxg6 Qf5 20. Qxf5 Bxf5 21. Be3 Nc7 22. Red1 b6 23. Rd2
Ne6 24. Rad1 Rxd2 25. Rxd2 {Malaniuk,V-Matlak,M/Wisla BES (06)/1992/0.5 (25)})
9. Bc3 (9. Bxc5 Qxg2 10. Bf3 (10. Qd4) (10. Qd6) 10... Qg5) 9... f6 (9... Ne7
10. Nf3 O-O 11. O-O f6 12. Bd3 Qf4 13. Re1 Nbc6 14. Nd2 Rd8 15. Ne4 f5 16. g3
Qc7 17. Ng5 e5 18. Qh5 h6 19. Qf7+ Kh8 20. Nf3 Nd5 21. Ng5 Nde7 22. h4 hxg5 23.
hxg5 Be6 24. Qxe6 Nd4 25. Bxd4 $18 {Sokolov,I-San Segundo,P/Madrid (06)/1994/
1-0 (34)}) 10. Nf3 Qf4 11. O-O Nc6 12. Nd2 Nge7 13. Bh5+ (13. Bd3 $5 O-O 14.
Re1) 13... Ng6 (13... g6 $5 14. g3 Qc7 (14... Qf5 15. Bg4 $16) 15. Ne4 (15.
Bxf6 O-O 16. Bxe7 Qxe7 $10) 15... O-O 16. Be2 e5 17. Nxc5 b6 $13 (17... Bh3 18.
Bg4 $5 Bxf1 19. Ne6 Qb6 20. Qxf1 Rfc8 21. c5 Qa6 22. Be2 Qa4 23. Bc4 Kh8 24. b3
Qa3 25. f4 $40)) 14. g3 (14. Qc2 Qh6 $15) 14... Qc7 15. Ne4 O-O (15... b6 16.
Nd6+ Ke7 17. Nb5 $36) 16. Nxc5 Nce5 17. Ne4 (17. Bxg6 Nxg6 18. Qd4 Ne5 $15)
17... Qxc4 (17... Rd8 18. Qb3 Qxc4 19. Qxc4 Nxc4 20. Rfd1 $44) (17... Nxc4 18.
Rc1 $36) 18. Nd6 Qa6 (18... Qc5 19. Rc1 Rd8 20. Ne4 Qb6 21. Qc2 $13) 19. f4 Nd3
20. Rf3 Qb6+ 21. Kh1 Nc5 (21... Nf2+ $2 22. Rxf2 Qxf2 23. Bd4 $18) (21... Qxd6
22. Rxd3 $44) 22. b4 Na6 23. a4 (23. a3 Rd8 24. Rd3 $44) 23... Rd8 (23... Nxb4
24. Bxb4 Qxb4 25. Rb3 Qc5 26. Bf3 Rd8 27. Rd3 $132) 24. Rd3 Nxb4 25. Bxb4 Qxb4
26. Bf3 Qa5 27. Rc1 (27. Nc4 Rxd3 28. Nxa5 Rxd1+ 29. Rxd1 Kf7 30. Rd8 Ke7 31.
Rg8 Kf7 $10) 27... Ne7 $6 28. f5 (28. Nxc8 Raxc8 29. Rxc8 Rxc8 30. Bxb7 Rc4 $17
) (28. Nf5 $1 Nd5 (28... Rxd3 29. Nxe7+ Kf7 30. Qxd3 Kxe7 31. Qxh7 $18) 29.
Ne7+ Kh8 30. Nxd5 exd5 31. Rxd5 Rxd5 32. Qxd5 Qxd5 33. Bxd5 $10) (28. Qe2 Kf8
29. Rcd1 (29. Bxb7 Rxd6 30. Bxa8 Ba6) 29... Qxa4 $1 (29... Qa6 30. Nb5 Rxd3 31.
Qxd3 $16) 30. Rd4 Qb3 $13) (28. Nc4 Rxd3 29. Qxd3 Qc7 30. Rd1 Nc6 $13) (28. Qb3
$5 Qb6 (28... Nd5 29. Rxd5 exd5 30. Bxd5+ Kf8 31. Bg8 $1 Rd7 32. Qe6 $1 Qd8 33.
Bxh7 Rxd6 34. Qg8+ Ke7 35. Qxg7+ Ke6 36. Bg8+ Kf5 37. Re1 $18) (28... Kf8 29.
Rcd1 $5) 29. Qa3 (29. Rxc8 Qxb3 30. Rxd8+ Rxd8 31. Rxb3 Rxd6 32. Rxb7 $14)
29... a5 $8 (29... Qf2 30. a5 a6 31. Ne4 Rxd3 32. Qxd3 Qb2 33. Qd8+ Kf7 34.
Nd6+ Kg6 35. Qe8+ Kh6 36. Qh5#) 30. Rcd1 (30. f5 Qb4 $1 (30... Nxf5 31. Nxf5
exf5 32. Qc5 $1 Qxc5 33. Rxd8+ Qf8 34. Bd5+ $18) 31. Nxc8 Raxc8 (31... Qxa3 $4
32. Rxd8+ Kf7 33. Nd6+ $18) 32. Rxc8 Rxc8 33. Qxb4 axb4 34. fxe6 $10) (30. Nc4
Rxd3 (30... Qc7 31. Qc5 $1 Qxc5 (31... Nc6 32. Rxd8+ Qxd8 33. Rd1 Qc7 34. Qb6
$1 $18) 32. Rxd8+ Kf7 33. Nd6+ $18) 31. Qxd3 (31. Qxe7 Qd8 32. Qxd8+ Rxd8 33.
Nb6 Rb8 34. Rc7 e5) 31... Qc7) 30... Qb4 (30... Rf8 31. Nxc8 Nxc8 32. Rb3 $1
Qf2 33. Rb2 Qa7 34. Rxb7 Qa6 35. Qxf8+ Kxf8 36. Rd8#) 31. Qa2 Ra6 32. Nxc8 Rxc8
33. Rb3 $18) 28... Kf8 (28... exf5 $2 29. Qb3+) (28... Nxf5 29. Nxf5 Rxd3 30.
Ne7+ Kf7 31. Qxd3 Kxe7 32. Qxh7 $40) 29. Bg2 (29. fxe6 Bxe6 30. Nxb7 Rxd3 31.
Qxd3 Qf5 32. Qxf5 Nxf5 $15) (29. Nxc8 Rxd3 30. Qxd3 Rxc8 31. Rxc8+ Nxc8 32.
Bxb7 Qc7 33. Bxc8 Qxc8 34. fxe6 Qxe6 35. Qxh7 Qc6+ 36. Kg1 Qxa4 $17) (29. Qe2
Nxf5 30. Nxf5 exf5 31. Rc5 Qb6 32. Rb5 Qc7 33. Rc5 Qe7 $1) (29. Be4 Qe5 $1 30.
Rc7 exf5 $1 (30... Rxd6 31. Rxd6 Qxe4+ 32. Kg1 Qe3+ 33. Kf1 exf5 34. Rd8+ Kf7
35. Qh5+ Ke6 36. Rxe7+ Kxe7 37. Qe8#)) 29... g6 (29... Nxf5 30. Nxf5 Rxd3 31.
Qxd3 exf5 32. Qd6+ Ke8 (32... Kf7 $2 33. Rc7+ Kg6 34. Qe7 $18) 33. Rxc8+ Rxc8
34. Qe6+ Kd8 35. Qd6+ $10) (29... exf5 30. Qb3) 30. fxg6 (30. fxe6 Bxe6 31.
Nxb7 Rxd3 32. Qxd3 Qg5 $13) 30... hxg6 31. Qb3 $6 (31. Ne4 Rxd3 32. Qxd3 Nd5 (
32... Kg7 33. Qd6 Nd5 (33... Nf5 34. Rc7+ Kh6 35. Qf8+ $18) (33... Nc6 34. Nxf6
Kxf6 35. Qf8+ Kg5 36. Rc5+ $18) 34. Nxf6 Kxf6 35. Qf8+ Ke5 36. Qg7+ $5 Kd6 37.
Qf8+ $10) 33. Nxf6 Nxf6 34. Qd6+ (34. Qxg6 Qf5 35. Qh6+ Kf7 36. Rf1 Qg6) 34...
Kf7 (34... Kg7 $2 35. Qe7+) (34... Kg8 35. Qe7 Nh5 36. Qe8+ Kh7 37. Be4 Qg5 38.
Rc7+ Ng7 39. Qf7 Qh6 40. g4 $18) 35. Rc7+ Bd7 36. Rxd7+ Nxd7 37. Qxd7+ Kf6 $13)
31... Nc6 32. Nc4 (32. Nxc8 Raxc8 33. Qxe6 Qe5 $10) (32. Bxc6 bxc6 33. Nxc8
Raxc8 34. Qxe6 Qe5 35. Qxe5 fxe5 36. Rxd8+ Rxd8 37. Rxc6 $14) 32... Qc7 33.
Rxd8+ Qxd8 (33... Nxd8 $5) 34. Rd1 Qe7 35. Nd6 e5 36. Qe3 Kg7 $6 (36... Bg4 $1
37. Qh6+ Qg7 38. Qxg7+ Kxg7 39. Rb1 Na5 40. Rb5 Rd8 $1) 37. Qc5 Bd7 (37... Kh7
38. Nxb7 Bxb7 39. Qxe7+ Nxe7 40. Bxb7 Re8 41. Rd7 Kh6 $15) 38. Nxb7 (38. Bxc6
Bxc6+ 39. Kg1 Qe6 $17) 38... Qxc5 39. Nxc5 Be8 40. Ne6+ Kf7 41. Nc7 Rc8 42.
Nxe8 Kxe8 43. Rd6 Nd4 44. Rxf6 Ke7 (44... Rc1+ 45. Rf1) 45. Rf1 Rc4 46. Be4 g5
47. Rf7+ $1 Kxf7 48. Bd5+ Kf6 49. Bxc4 e4 50. Kg2 e3 (50... e3 51. h4 $10)
1/2-1/2

[Event "PCA-Wch Candidates m4"]
[Site "New York"]
[Date "1994.??.??"]
[Round "6"]
[White "Kramnik, Vladimir"]
[Black "Kamsky, Gata"]
[Result "0-1"]
[WhiteElo "2710"]
[BlackElo "2695"]
[Annotator "Stohl,I"]
[PlyCount "100"]
[EventDate "1994.06.??"]
[EventType "match"]
[EventRounds "6"]
[EventCountry "USA"]
[SourceTitle "CBM 042"]
[Source "ChessBase"]
[SourceDate "1994.10.01"]
[SourceVersion "1"]
[SourceVersionDate "1994.10.01"]
[SourceQuality "1"]

1. Nf3 {Ftacnik} c5 2. c4 Nc6 3. d4 cxd4 4. Nxd4 Nf6 5. g3 Qb6 6. Nc2 (6. Nb3
Ne5 7. c5 Qc6 8. f3 e6 9. Qd4 d6 10. Nc3 Ned7 11. cxd6 Bxd6 12. e4 O-O 13. Be3
Rd8 14. Qc4 Qxc4 15. Bxc4 Ne5 16. Be2 Bb4 17. O-O b6 18. Rfd1 Bd7 19. Rac1 Be8
20. a3 Rxd1+ $10 {1/2-1/2/Kovalev,S-Brodsky,M/Kherson/1990/}) (6. Nb5 a6 7. Be3
Qa5+ 8. N5c3 Ng4 9. Qd2 e6 10. Bg2 Nxe3 11. Qxe3 Bc5 12. Qd2 b5 13. Ne4 Qxd2+
14. Nbxd2 Bd4 15. O-O-O f5 16. e3 fxe4 17. exd4 d5 $10 {Miles,A-Schmittdiel,E/
Ostend op/1993/}) 6... d6 (6... Ne5 7. b3 (7. Bg2 $5 Nxc4 8. b3 Ne5 9. Be3 $32)
(7. Ne3 {Ftacnik} Nxc4 8. Nxc4 Qc6 9. e4 Qxe4+ 10. Qe2 Qxh1 11. Nd6+ Kd8 12.
Nxf7+ $18) 7... Qc6 8. f3 e6 (8... d5 $2 9. Nb4) (8... g6 9. Bg2 Bg7 10. O-O
$36) 9. Bb2 Qc7 10. Bg2 Bc5 11. Bd4 d5 12. f4 Bxd4 13. Qxd4 Nc6 14. Qc3 O-O 15.
Nd2 Rd8 16. O-O b5 $1 17. cxb5 Qb6+ 18. e3 Qxb5 19. Rfc1 Bd7 20. Nd4 Nxd4 21.
Qxd4 a5 22. Rc5 Qb7 23. Rac1 Qb4 $132 {Kabatenski,A-Schlosser,P/Munich/1992/})
(6... e6 7. Bg2 Ne5 8. b3 Be7 9. O-O O-O 10. Nc3 d6 11. e4 Bd7 12. Kh1 Rfd8 13.
f4 Ng6 14. Bb2 Rac8 15. Qe2 a5 16. Rab1 Bf8 17. Ne3 Bc6 18. Qf2 Nd7 19. Ba1 Nc5
20. Ng4 Qc7 21. Rbd1 b6 22. h4 Qb7 23. Rfe1 Ne7 24. f5 $36 {Hauchard,A-Fayard,
A/FRA-ch/1991/}) 7. Bg2 g6 8. Nc3 Bg7 9. O-O O-O 10. b3 $14 {()} (10. Ne3 {
Ftacnik} Be6 11. Ned5 Bxd5 12. cxd5 Ne5 13. b3 Rfc8 $10 {Barcza-Dely/Hungary/
1953/}) 10... Be6 (10... Qa5 $5 11. Bd2 Qh5 12. e4 $14) 11. e4 $1 (11. Nd5 {
Ftacnik} Bxd5 (11... Nxd5 $2 12. cxd5 Bf5 13. e4 Nd4 14. Be3 $1) 12. cxd5 Ne5
13. Be3 Qa6 14. a4 Rfc8 15. Na3 $14 {Keene,R-Littlewood/England/1971/}) 11...
Bg4 12. Qe1 (12. Qd2 Ne5 $5 $132 (12... Rac8 {Ftacnik} 13. Bb2 a6 $13)) 12...
Rac8 (12... Ne5 13. Be3 $36 {/\f3}) 13. h3 Bd7 14. Be3 (14. Bg5 $5 {Ftacnik}
Qa5 15. Bxf6 (15. Nd5 $1 Qxe1 16. Rfxe1) 15... Bxf6 16. Nd5 $5 Qxe1 (16... Bxa1
$2 17. Nxe7+ Kg7 18. Qxa1+ Qe5 19. Nxc8 $16) 17. Nxf6+ Kg7 18. Nh5+ Kh6 19.
Rfxe1 Kxh5 20. Rad1 $14) 14... Qa5 15. Nd5 $5 (15. Bd2 Qh5 16. g4 $2 Bxg4 17.
hxg4 Nxg4 18. Bf4 Be5 $1 $19) (15. f4 {Ftacnik} a6 16. Rc1 b5 $132) (15. Rd1 $5
{Ftacnik} Ne8 (15... Ng4 16. b4 Bxc3 (16... Nxb4 17. Nd5 $18) (16... Qe5 17.
Bd2 Nf6 18. f4 $16) (16... Nxe3 $5 17. bxa5 Nxc2 18. Qd2 Na3 19. c5 Nd4 20. Nd5
Rxc5 21. Nxe7+ Kh8 22. Qb4 $16) 17. Qxc3 Qe5 18. Bd4 Nxd4 19. Rxd4 $1 Nf6 20.
f4 $16) 16. b4 Qd8 17. c5 Ne5 18. f4 Nc4 19. e5 $1 $16) 15... Qxe1 16. Rfxe1
Ne8 (16... Nxd5 {Ftacnik} 17. exd5 Ne5 18. Bxa7 Nd3 19. Rxe7 Bxa1 20. Rxd7 Bc3
21. Rxb7 $16) (16... Nxe4 $5 {Ftacnik} 17. Bxe4 Bxa1 18. Rxa1 Bxh3 19. Nd4 Kg7
20. Nxc6 bxc6 21. Nf4 (21. Nb4 c5 22. Nd5 $14) 21... Bd7 $14) (16... Rfd8 {
Ftacnik} 17. Bg5 $1 Nxd5 18. exd5 Ne5 19. Bxe7 Re8 20. Bxd6 Bf5 21. Nd4 $1 Nd3
22. Nxf5 Nxe1 23. Ne7+ Rxe7 24. Bxe7 Bxa1 25. d6 Nxg2 26. d7 Ra8 27. Kxg2 f5
28. d8=Q+ Rxd8 29. Bxd8 $18) 17. Rad1 Nc7 (17... e6 {Ftacnik} 18. Ndb4 Nxb4 19.
Nxb4 a5 20. Nd3 $14 {xd6}) 18. f4 $36 (18. Bxa7 $2 Nxd5 19. exd5 Nxa7 $19) (18.
c5 $5 {Ftacnik} Nxd5 (18... dxc5 19. Nxe7+ Nxe7 20. Rxd7 $16) 19. exd5 Nb8 20.
c6 $1 bxc6 21. Bxa7 cxd5 22. Bxb8 Rxc2 (22... Rxb8 23. Rxe7 $16) (22... Rfe8
23. Bxd6 Rxc2 24. Rxe7 Rxe7 25. Bxe7 d4 26. a4 $16) 23. Rxe7 $16) 18... Rfd8
19. Re2 Ne8 $6 (19... Kf8 $14 {/\} 20. c5 dxc5 21. Bxc5 b6 $132) 20. Bxa7 $1 e6
(20... Nxa7 21. Nxe7+ Kf8 22. Nxc8 Nxc8 23. e5 $1 $16 (23. e5 {Ftacnik} dxe5
24. fxe5 $16)) 21. Bb6 exd5 22. cxd5 (22. exd5 Nb8 23. Bxd8 Rxd8 $14) (22. Bxd8
{Ftacnik} Rxd8 23. Rxd5 $13) 22... Ne7 23. Bxd8 $6 (23. Na3 $5 Ra8 (23... Nc7
24. e5 (24. Rc2 Nb5 25. Bxd8 Nxa3 $5 26. Rxc8 Nxc8 27. Rc1 $14) 24... Be8 25.
Nc4 dxe5 26. d6 $16) 24. Bxd8 Rxd8 25. Rc2 $36 {/\Bf1,Nc4}) (23. a4 $5 {Ftacnik
} Nc7 24. e5) 23... Rxd8 24. e5 (24. a4 {Ftacnik}) 24... Kf8 $1 $13 25. Nd4 (
25. e6 fxe6 26. dxe6 Bb5 27. Ree1 d5 {/\Nd6<=>}) 25... Bc8 26. Nb5 (26. e6 {
Ftacnik} Nc7) 26... h6 $1 {/\g5<=>} 27. a4 (27. h4 $2 Bg4) (27. Rc1 $5 {Ftacnik
} dxe5 28. fxe5 Nxd5 29. Rd2 $1 (29. Rxc8 Rxc8 30. Bxd5 Rc5 31. Bc4 Rxe5 $10)
29... Be6 30. Rcd1 Bxe5 31. Bxd5 $16) (27. Rde1 {Ftacnik} g5 28. exd6 Nf5)
27... g5 28. Rde1 gxf4 29. gxf4 (29. exd6 {Ftacnik} Ng6) 29... Bd7 (29... dxe5
30. fxe5 {/\} Nxd5 $2 31. Rd2 Be6 32. Red1 $18) (29... Ng6 $6 30. e6 {/\e7,f5|^
}) 30. Na3 (30. exd6 $6 Nf5 $36) (30. Nxd6 {Ftacnik} Nxd6 31. exd6 Nf5) (30.
Nc7 {Ftacnik} dxe5 (30... Nxc7 31. exd6 Nexd5 32. dxc7 Nxc7 33. Bxb7 $36) 31.
Nxe8 Bxe8 32. fxe5 Rxd5 33. Bxd5 Nxd5 34. Rd2 Bc6 $10) 30... Bf5 31. Nc4 (31.
exd6 $2 {Ftacnik} Ng6 $17) 31... Ng6 (31... dxe5 {Ftacnik} 32. fxe5 Nxd5 33.
Rd2 $1 (33. Bxd5 Rxd5 34. Ne3 Be6 35. Nxd5 Bxd5 $13) 33... Be6 34. Red1 Nec7
35. Nb6) 32. e6 (32. Rf2 $5 {Ftacnik} h5) 32... fxe6 $1 (32... Bf6 $2 33. exf7
Ng7 (33... Kxf7 $2 34. Rxe8 Rxe8 35. Nxd6+ $18) 34. Re8+ $1 Nxe8 35. fxe8=Q+
Rxe8 36. Rxe8+ Kxe8 37. Nxd6+ $18) 33. dxe6 Ne7 34. Rd1 (34. Bxb7 Rb8 35. Bg2
Rxb3 {/\Bd3}) (34. Kh2 {Ftacnik} d5 35. Ne3 Bxe6 36. Nxd5 Bxd5 (36... Nxd5 37.
Rxe6 Nxf4 38. Rf1 Rd4 39. Re4 Rxe4 40. Bxe4 Be5 41. Bxb7 Nd6 42. a5 $1 $18) 37.
Rxe7 Bxb3 $10) 34... d5 35. Ne5 (35. Nb6 Nf6 {/\Rd6,><e6}) 35... Bxe5 $1 (35...
Bxe6 36. Ng6+ (36. Rde1 Nc7) 36... Nxg6 37. Rxe6 Kf7 (37... Nxf4 $2 38. Rf1 $18
) (37... Ne7 $15 {Ftacnik}) 38. Rb6 $16) 36. Rxe5 Bc2 37. Rd4 Bxb3 38. Rb4 Bc2
39. Rxb7 Bxa4 40. Rh5 $6 (40. Ra7 $5 Bc6 41. Rh5 Rd6 42. Rxh6 (42. f5 Ng7 43.
Rxh6 Ngxf5 44. Rf6+ Kg8 $10) 42... Kg7 $1 43. Rh4 Rxe6 $10) 40... Nd6 41. Rc7
Be8 $1 (41... Ndf5 $2 42. Rxf5+ Nxf5 43. Rf7+ $16) 42. Rxh6 (42. Re5 Ndf5 43.
Bf3 Nd4 44. Bg4 Ndc6 45. Re1 Kg7 {/\Kf6=/+}) 42... Kg7 43. Rh5 $2 (43. Rh4 Ndf5
44. Rg4+ Kf6 $10 (44... Kf6 {Ftacnik} 45. Kf2 d4 $17)) 43... Bxh5 44. Rxe7+ Kf6
45. Ra7 $2 (45. Rh7 $1 Bg6 46. Rd7 Rg8 $1 47. Bxd5 $1 Be4+ 48. Kf1 Bxd5 49.
Rxd6 $10) (45. Rd7 Rg8 $1 (45... Rxd7 {Ftacnik} 46. exd7 Ke7 47. Bxd5 $10) 46.
Rxd6 Bf3 $19) 45... Ne4 $19 (45... Kxe6 $6 {Ftacnik} 46. Bxd5+ Kxd5 47. Ra5+
Ke4 48. Rxh5 $10) 46. f5 Kxf5 47. e7 Rg8 $1 48. Rd7 Ke6 (48... Bf3 $2 49. e8=Q
$1) 49. Rd8 Be8 50. Kh2 Nf6 {/\Ke7} 0-1

[Event "Candidates FIDE sf1"]
[Site "Sanghi Nagar"]
[Date "1994.??.??"]
[Round "1"]
[White "Anand, Viswanathan"]
[Black "Kamsky, Gata"]
[Result "1/2-1/2"]
[WhiteElo "2720"]
[BlackElo "2695"]
[Annotator "Anand,V"]
[PlyCount "85"]
[EventDate "1994.07.??"]
[EventType "match"]
[EventRounds "8"]
[EventCountry "IND"]
[SourceTitle "CBM 042"]
[Source "ChessBase"]
[SourceDate "1994.10.01"]
[SourceVersion "1"]
[SourceVersionDate "1994.10.01"]
[SourceQuality "1"]

1. e4 {Hecht Blatny,P} e5 2. Nf3 Nc6 3. Bb5 a6 4. Ba4 Nf6 5. O-O Be7 6. Re1 b5
7. Bb3 O-O 8. c3 d5 9. exd5 Nxd5 10. Nxe5 Nxe5 11. Rxe5 c6 12. d4 Bd6 13. Re1
Qh4 14. g3 Qh3 15. Be3 Bg4 16. Qd3 Rae8 17. Nd2 Re6 18. a4 Qh5 19. axb5 axb5
20. Ne4 $1 Bc7 21. Bd2 Rfe8 22. Bd1 $1 (22. Nc5 $2 Rxe1+ 23. Rxe1 Rxe1+ 24.
Bxe1 Nf4 $1 25. gxf4 Bxf4 26. h4 (26. h3 Bf3 $19) 26... Bf3 $2 (26... Qxh4 $1
27. Qe4 Qh2+ 28. Kf1 Qh3+ $1 29. Qg2 (29. Kg1 Bh2+ 30. Kh1 Bf3+ 31. Qxf3 Qxf3+
32. Kxh2 Qe2 $19) 29... Be2+ 30. Kg1 Bh2+ $1 31. Kh1 Bf3 32. Qxf3 Qxf3+ 33.
Kxh2 Qe2 $19) 27. Bxf7+ $1 Kxf7 28. Ne4 $1 $10 {Anand-Kamsky/Monaco/1994/} (28.
Ne4 {Blatny,P} Qg4+ 29. Ng3 $10 {Anand-Kamsky/Monaco 25'/1994/})) 22... Bxd1
23. Rexd1 f5 (23... Rxe4 $2 24. Qxe4 Qxd1+ (24... Rxe4 $4 {Blatny,P} 25. Ra8+
$18) 25. Kg2 $1 $18 (25. Rxd1 {Blatny,P} Rxe4 $19)) 24. Ng5 Re2 25. Nf3 $2 (25.
Qxf5 $1 Rf8 (25... Nf6 $5) 26. Qh3 Qg6 27. Qg4 Ree8 (27... Rfxf2 28. Ra8+) (
27... Rexf2 28. Qe6+ $1 (28. Qe6+ Qxe6 29. Nxe6 R8f5 30. Ra8+ Kf7 31. Nxc7 {
/\Ra7+-})) 28. f3 $1 {+/- Borik} (28. f3 {Blatny,P} h6 29. Nh3 $8 Qxg4 30. fxg4
Re2 31. Ra6 Rf6 32. g5 $18 {_|_})) (25. Qf3 $1 $16) (25. Qf3 {Blatny,P} Qg6 26.
Nh3 $14) 25... R8e3 $1 (25... f4 {Blatny,P} 26. Re1 $16 {/\_|_}) 26. Ra8+ (26.
Bxe3 $2 Qxf3 $19 (26... Qxf3 {Blatny,P} 27. Ra8+ Kf7 28. Ra7 Nxe3 29. Rxc7+ Ke8
$1 30. Rc8+ (30. Qxe3+ Rxe3 31. Ra1 Re7 $1) 30... Kd7 $19)) (26. fxe3 $2 {
Blatny,P} Qxf3 $19) 26... Kf7 27. Ng5+ $1 Kg6 (27... Qxg5 $2 28. Qxe2 $1 $18)
28. Bxe3 Nxe3 29. Rf1 $1 $8 (29. Re8 Ng4 $1 $19) (29. Rc8 Kxg5 30. Rxc7 Qf3) (
29. Ra6 Kxg5 30. h4+ Kh6 31. Rxc6+ (31. Qxb5 {Blatny,P} Nxd1 32. Qxc6+ Qg6 $1
33. Qc4 Re1+ 34. Kg2 Bd6 $19) 31... g6) 29... Kxg5 $1 (29... Nxf1 30. Kxf1 (30.
Nf3 $5 Nxh2 31. Nxh2 Rxf2 32. Kxf2 Qxh2+ 33. Ke1) 30... Rxb2 (30... Rxf2+ {
Blatny,P} 31. Kxf2 Qxh2+ 32. Kf1 Bxg3 (32... Qh1+ 33. Ke2 Qg2+ 34. Kd1 $18) 33.
Qf3 Kxg5 34. Qg2 {+/-/+- _|_ קc6}) 31. Nf3 $16) 30. Re8 $1 (30. h4+ Kh6 31.
fxe3 Qg4 32. e4 fxe4 $19) 30... f4 (30... Qxe8 $4 {Blatny,P} 31. Qxe2 $18) (
30... Ng4 $4 {Blatny,P} 31. h4+ $18) 31. Qe4 (31. h4+ $1 Kh6 32. Qe4 g6 (32...
Rxb2 33. Qxc6+ g6 34. Qxc7 Qf3 35. Qxf4+ Qxf4 36. gxf4 Nxf1 37. Kxf1) (32...
Qg4 {Blatny,P} 33. Qe6+) 33. fxe3 (33. Qe7 Qf3 34. Qg5+ (34. Qf8+ Kh5 35. Rxe3
Rxe3 36. Qg7 (36. Qf6 h6 37. fxe3 Qxg3+ 38. Kh1 fxe3 39. Qf3+ Kxh4 40. Qe4+ Kh5
41. Qf3+ Kh4 $10) (36. Qf7 $6 fxg3 $1 37. fxe3 $4 Qxe3+ 38. Kh1 g2+ $19) 36...
fxg3 $1 37. Qxh7+ Kg4 38. Qd7+ (38. Qxg6+ Kh3 $1) 38... Kxh4 39. Qh7+ Kg5 40.
fxe3 Qxe3+ 41. Kh1 Qe4+ 42. Kg1 Bf4 $1 (42... Bf4 $1 43. Rxf4 Qxf4 44. Qe7+ Kg4
45. Qe6+ Qf5 46. Qe2+ Qf3 $19 {_|_})) 34... Kg7 35. Re7+ (35. Qe7+ $10 {
Blatny,P}) 35... Kg8 36. Re8+ $10 (36. Re8+ {Blatny,P} Kg7 37. Qe7+ $10)) 33...
Rxe3 34. Qxc6 Rxg3+ 35. Kf2 Rd3 $1 $40) 31... fxg3 (31... g6) (31... Nxf1 $2 {
Blatny,P} 32. h4+ $1 (32. Qxe2 $4 Qxh2+ 33. Kxf1 Qh1#) 32... Kh6 33. Qxe2 $18)
(31... Qxh2+ {Blatny,P} 32. Kxh2 Nxf1+ 33. Kg2 Rxe4 34. Rxe4 Nd2 35. Re6 $16 {
_|_}) 32. h4+ $1 (32. hxg3 {Blatny,P} Bxg3 $1 $19) 32... Qxh4 33. Qxh4+ Kxh4
34. Re4+ $1 (34. Rxe3 $4 gxf2+) (34. fxe3 Kh3 (34... Kh3 $1 {Blatny,P} 35. Re7
$1 (35. Rf7 g2 36. Rf3+ Bg3 $19) (35. Rf3 $2 Re1+ 36. Rf1 Rxf1+ 37. Kxf1 g2+
$19) 35... Rg2+ (35... g2 36. Rf3+ Bg3 37. Rxg3+ Kxg3 38. Rxg7+ $10) 36. Kh1
Rxb2 37. Rxc7 (37. Kg1 Rg2+ 38. Kh1 Rc2 39. Kg1 g2 $1 40. Rxc7 (40. Rf3+ Bg3
41. Rxg3+ Kxg3 42. Rxg7+ Kf3 43. Rf7+ Kxe3 44. Rxh7 Rxc3 $19) 40... gxf1=Q+ 41.
Kxf1 Rxc3 $19 {_|_}) (37. Rxg7 g2+ 38. Rxg2 Rxg2 39. Rf7 Rh2+ $1 40. Kg1 Bg3 $1
41. Rxh7+ Kg4 42. Rxh2 Bxh2+ 43. Kxh2 Kf3 $19) 37... g2+ 38. Kg1 gxf1=Q+ 39.
Kxf1 Kg3 40. Rxg7+ Kf3 $17)) 34... Kh3 35. Rxe3 Rxb2 36. Re7 $1 Bf4 (36... g2
$2 {Blatny,P} 37. Re3+) 37. fxg3 (37. Rxg7 $2 gxf2+ (37... h5 $1 {Blatny,P})
38. Rxf2 (38. Kh1 {Hecht} h5 39. Rg6 (39. Re7 Rc2 40. Re4 Kg3 41. Re6 Rxc3 $19)
39... Re2 40. Rg2 Bg3 $19) 38... Rb1+ 39. Rf1 Be3+) 37... Rg2+ 38. Kh1 Rh2+ 39.
Kg1 Rg2+ 40. Kh1 Rh2+ 41. Kg1 Bg5 (41... Bxg3 {Blatny,P} 42. Rxg7 h5 43. Rg6
$10) 42. Re5 Rg2+ 43. Kh1 (43. Kh1 {Blatny,P} Rxg3 $2 44. Rg1 Rxg1+ 45. Kxg1
Bd2 46. Rc5 $16) 1/2-1/2